| 000 | 00736nam a2200169 i 4500 | ||
|---|---|---|---|
| 001 | 160918 | ||
| 003 | ES-MaACL | ||
| 005 | 20230906212145.0 | ||
| 008 | 041005s1864 xxuf |||| | eng d | ||
| 245 | 0 | 1 |
_a"Old Jack" and his foot-cavalry, or A Virginian boy's progress to renow _b: a story of the war in the Old Dominion. |
| 260 |
_aNew-York : _bpublished by John Bradburn, _c1864 ( _fJohn A. Gray & Green) |
||
| 300 |
_a300 p., [2] h. de lám. ; _c17 cm. |
||
| 594 | _aEn la Library of Congress figura como posible autor Addey Markinfield. | ||
| 740 | 0 | 2 | _aVirginian boy's progress to renow. |
| 752 |
_aEstados Unidos de América - _cNueva York |
||
| 852 |
_aES-MaACL _jD-1062 _z- Enc. tela grab. _z. - Legado de Modesto de la Fuente |
||
| 999 |
_c160918 _d160918 |
||